| 000 | 00528nam a2200193Ia 4500 | ||
|---|---|---|---|
| 008 | 160319s9999 xx 000 0 und d | ||
| 245 | _aBlue's clues [videorecording] : | ||
| 245 | _bplay along with Blue, arts and crafts / | ||
| 260 | _bViacom International Inc. | ||
| 260 | _c2000 | ||
| 300 | _a1 videodisc (49 mins.) : | ||
| 300 | _bsound, colored ; | ||
| 300 | _c4 3/4 in. | ||
| 650 | _aChildren's television programs. | ||
| 650 | _aDogs -- | ||
| 650 | _aShape -- | ||
| 650 | _xFiction. | ||
| 650 | _xFiction. | ||
| 999 |
_c292672 _d292672 |
||